Σύνδρομο Asperger / Ένας Πλήρης Οδηγός (Record no. 6110)
[ view plain ]
| 000 -LEADER | |
|---|---|
| fixed length control field | 01711cam a22002054a 4500 |
| 005 - ΗΜΕΡΟΜΗΝΙΑ ΚΑΙ ΩΡΑ ΤΕΛΕΥΤΑΙΑΣ ΕΝΗΜΕΡΩΣΗΣ | |
| Πεδίο ελέγχου | 20250605164233.0 |
| 008 - FIXED-LENGTH DATA ELEMENTS--GENERAL INFORMATION | |
| Πεδίο ελέγχου σταθερού μήκους | 250528s ||||||||||||||||||||||||d |
| 035 ## - SYSTEM CONTROL NUMBER | |
| System control number | 21038 |
| 020 ## - ISBN | |
| ISBN | 9789605460785 |
| 040 ## - ΠΗΓΗ ΚΑΤΑΛΟΓΟΓΡΑΦΗΣΗΣ | |
| Φορέας πρωτότυπης καταλογογράφησης | MC Athens Campus Library |
| Γλώσσα καταλογογράφησης | Ελληνικά, Μοντέρνα (1453-) |
| Modifying agency | MC Athens Campus Library |
| Κανόνες περιγραφικής καταλογογράφησης | AACR2 |
| 245 1# - ΤΙΤΛΟΣ ΚΑΙ ΔΗΛΩΣΗ ΥΠΕΥΘΥΝΟΤΗΤΑΣ | |
| Τίτλος | Σύνδρομο Asperger / Ένας Πλήρης Οδηγός |
| 260 ## - PUBLICATION, DISTRIBUTION, ETC. | |
| Name of publisher, distributor, etc. | Πεδίο, |
| Date of publication, distribution, etc. | 2012 |
| 300 ## - PHYSICAL DESCRIPTION | |
| Extent | 544 |
| 520 ## - SUMMARY, ETC. | |
| Summary, etc. | Ο συγγραφέας παρέχει στους επαγγελματίες, στους γονείς, στα ίδια τα άτομα με σύνδρομο Asperger αλλά και σε κάθε ενδιαφερόμενο έναν πλήρη οδηγό με όλες τις επιστημονικές πληροφορίες σχετικά με το σύνδρομο. Πρόλογος, Ευχαριστίες, Τι είναι το Σύνδρομο Asperger, Η Διάγνωση, Κοινωνική Κατανόηση και Φιλία, Πειράγματα και Εκφοβισμός, Θεωρία του Νου, Κατανόηση και Έκφραση των Συναισθημάτων, Ιδιαίτερα Ενδιαφέροντα, Γλώσσα, Γνωστικές Δεξιότητες, Κίνηση και Συντονισμός, Αισθητηριακή Ευαισθησία, Η Ζωή μετά το Σχολείο: Πανεπιστήμιο και Επαγγελματική Σταδιοδρομία, Μακροχρόνιες Σχέσεις, Ψυχοθεραπεία, Συχνές Ερωτήσεις, Γλωσσάρι, Πηγές, Βιβλιογραφία. |
| 700 1# - ΠΡΟΣΘΕΤΗ ΑΝΑΓΡΑΦΗ--ΦΥΣΙΚΟ ΠΡΟΣΩΠΟ | |
| Personal name | Attwood Tony |
| 9 (RLIN) | 5947 |
| 700 1# - ΠΡΟΣΘΕΤΗ ΑΝΑΓΡΑΦΗ--ΦΥΣΙΚΟ ΠΡΟΣΩΠΟ | |
| Personal name | Παπαγεωργίου Βάγια Α |
| 9 (RLIN) | 7058 |
| 942 ## - ADDED ENTRY ELEMENTS (KOHA) | |
| Koha item type | Books |
| Τύπος τεκμηρίου | Βιβλιοθήκη | Τρέχουσα τοποθεσία | Barcode | Αριθμός εισαγωγής | Ημερομηνία απόκτησης | Ταξιθετικό σύμβολο | Αριθμός αντιτύπου | Κατάσταση απόσυρσης | Κατάσταση χαμένου | Κατάσταση κατεστραμμένου | Μη δανεισμός | Σύνολο δανεισμών | Ημερομηνία τελευταίας εμφάνισης | Η τιμή ισχύει από |
|---|---|---|---|---|---|---|---|---|---|---|---|---|---|---|
| Books | MC Athens Campus Library | MC Athens Campus Library | 9780000061096 | 6851 | 05/06/2025 | 616.898 2 ATT | 1 | 05/06/2025 | 05/06/2025 |